00734nam a22002057a 450000500170000000800410001702000180005804000570007604100080013310000260014124500700016726000440023730000330028149000420031465000580035665000200041465000390043470000320047376500230050520140903174930.0131023s2006 sp a fr 000 0 spa  a9788478337326 aCO-BoUCMbspacAngélica RojasdAldemar Mondragón00aspa1 aBrown, Chesterd1960-10aEd el payaso felizcChester Brown ; traducción, Hernán Migoya aBarcelona (España)bLa Cúpulac2006 a223 páginasbilustraciones0 aLa Cúpula CómixaNovela gráfica 7aCiencia ficciónxTiras cómicas, historietas, etc. 7aEntretenimiento 7aTiras cómicas, historietas, etc.1 aMigoya, Hernánetraductor ted the happy clown